00545nam a2200121Ia 4500008004000000020001800040082001800058100002500076245002400101260003600125300000800161650025400169210210b2003 xxu||||| |||| 00| 0 eng d a81 207 2502 6 a820.0923 PANI aPANIKER (K Ayyappa). aIndian narratology. aNDbI G N Centre for Artsc2003 a200 aNarratology narrative Vedic Encrypted Rig Veda Purana Saga Bhagavata Itihasa Epic Ramayana Mahabharata Srnkhala Kathasaritsagara Anyapadesa Allegorical Panchatantra Mahakavya Raghuvamsa Buddhist Jain Jataka Dravidian Cilappatikaram Folk Tribal Misra